[Event "4NCL Division Two"]
[Site "Daventry, ENG"]
[Date "2022.10.23"]
[Round "2.68"]
[White "Willow, Hambel M"]
[Black "Pyun, Lindsay"]
[Result "1/2-1/2"]
[WhiteElo "1763"]
[BlackElo "1532"]
[PlyCount "73"]
[EventDate "2022.10.23"]
[WhiteTeam "KJCA Kings"]
[BlackTeam "The Rookies"]

1. d4 d5 2. c4 c6 3. Nf3 Nf6 4. Nc3 e6 5. Bg5 h6 6. Bh4 Be7 7. e3 O-O 8. Qc2 Nbd7 9. Bd3 dxc4 10. Bxc4 b5 11. Bd3 Bb7 12. O-O Rc8 13. a3 a5 14. Rfd1 Qc7 15. Rac1 Bd6 16. e4 Bf4 17. Rb1 e5 18. Ne2 g5 19. Bg3 Nh5 20. dxe5 Bxe5 21. Qd2 Nxg3 22. hxg3 Bg7 23. Ned4 Ne5 24. Nf5 Nxd3 25. Qxd3 Rfd8 26. Qe3 Rxd1+ 27. Rxd1 Rd8 28. Rxd8+ Qxd8 29. Nxg7 Kxg7 30. Nd4 Bc8 31. Qc3 f6 32. Kh2 Qe8 33. Qxc6 Qh5+ 34. Kg1 Qd1+ 35. Kh2 Qh5+ 36. Kg1 Qd1+ 37. Kh2 1/2-1/2